000 00328nam a2200133Ia 4500
008 231217s9999 xx 000 0 und d
041 _aEnglish
082 _a001.6424PAS VEN
100 _aVenugopal, K R Maya, C M
245 0 _aProgramming with Pascal
260 _c1997
_bTMH,
_aNew Delhi
300 _axv+528
942 _cAA
999 _c176196
_d176196